| 000 | 01356nam a2200253Ia 4500 | ||
|---|---|---|---|
| 999 |
_c34595 _d34595 |
||
| 001 | 356 | ||
| 003 | GE_BSU | ||
| 005 | 20240604160736.0 | ||
| 008 | 181216s2010||||ge |||||||||||||| ||geo|| | ||
| 020 | _a9994046772 | ||
| 040 | _cGE_BSU | ||
| 041 | _ageo | ||
| 080 | _a657.2(075.8) ბ-98 | ||
| 100 |
_aხორავა ა. და სხვა _922322 |
||
| 245 |
_aბუღალტრული აღრიცხვა: _bთეორია ფინანსური აღრიცხვა ბუღალტრული აღრიცხვის საერთაშორისო სტანდარტებით / _cხორავა ა.და სხვა; რედ რევაზ ძაძამია |
||
| 250 | _aმე-4 გამოცემა | ||
| 264 |
_aთბილისი : _bმერიდიანი, _c2010. |
||
| 300 |
_a638 გვ.: _bცხრ; _c28 სმ. |
||
| 653 | _aბუღალტრული აღრიცხვა. | ||
| 653 | _aთეორია.ფინანსური აღრიცხვა.ბუღალტრული აღრიცხვის საერთაშორისო სტანდარტებით | ||
| 653 | _aბუღალტერია | ||
| 700 |
_aძაძამია, რევაზ _eრედაქტორი _9885 |
||
| 942 |
_cBK _2udc |
||